Normal view
MARC view
- المراة العربية - انتخابات
Entry Topical Term
001 - CONTROL NUMBER
- control field: 43822
003 - CONTROL NUMBER IDENTIFIER
- control field: JO-AjAnu
005 - DATE AND TIME OF LATEST TRANSACTION
- control field: 20230606081247.0
008 - FIXED-LENGTH DATA ELEMENTS
- fixed length control field: 230606|| aca||aabn | a|a d
040 ## - CATALOGING SOURCE
- Original cataloging agency: JO-AjAnu
- Transcribing agency: JO-AjAnu
150 ## - HEADING--TOPICAL TERM
- Topical term or geographic name entry element: المراة العربية - انتخابات
670 ## - SOURCE DATA FOUND
- Source citation: Work cat.: (JO-AjAnu)22435: الامام، محاسن, author 43821, ليسمع صوتك: المرأة العربية والانتخابات دليلك الاعلامي